Jóvenes: una evaluación del conocimiento. La Investigación sobre juventud en México 1986-1999 /

Đã lưu trong:
Chi tiết về thư mục
Tác giả chính: Pérez Islas, José Antonio
Nhiều tác giả của công ty: Instituto Mexicano de la Juventud, Centro de Investigación y Estudios sobre Juventud
Định dạng: Texto
Được phát hành: México, D.F.: IMJ
Những chủ đề:
Các nhãn: Thêm thẻ
Không có thẻ, Là người đầu tiên thẻ bản ghi này!

MARC

LEADER 00000 a a2200000 04500
001 26766
003
040
020 |a 968--5224-03-X  
090 |a 149621  
100 |a Pérez Islas, José Antonio  
110 |a Instituto Mexicano de la Juventud  
245 |a Jóvenes: una evaluación del conocimiento. La Investigación sobre juventud en México 1986-1999 /  |c Instituto Mexicano de la Juventud  
260 |a México, D.F.:   |b IMJ  
300 |a 634 p. en II tomos  
650 |a JUVENTUD  
650 |a UNIVERSIDADES  
650 |a PARTICIPACION POLITICA  
650 |a ELECCIONES  
650 |a ZONAS URBANAS  
650 |a DOCUMENTOS SECUNDARIOS  
650 |a DEMOCRACIA  
710 |a Centro de Investigación y Estudios sobre Juventud  
999 |c 15812  |d 15812